1340 1681 1237 1790 1292 1834 1407 1670 1326 1329 1997 1929 1692 1157 1249 1704 1931 1921 1481 1365 1469 1683 1888 1402 1209 1308 1044 1592 1384 1500 1715 1222 1588 1814 1854 1843 1378 1198 1879 1480 1331 1294 1025 1110 1636 1043 1815 1996 1409 1472 1988 1585 1841 1631 1383 1808 1900 1088 1989 1334 1810 1975 1643 1027 1779 1315 1815 1131 1683 1376 1874 1780 1286 1697 1067 1899 1409 1502 1843 1104 1028 1387 1320 1499 1281 1069 1058 1928 1717 1619 1656 1661 1390 1117 1692 1854 1642 1564 1760 BCNSPRNW ULIB Ver.6.0+V

เปลี่ยนเป็นภาษาไทย

Change to English
 แสดงรายละเอียดบรรณานุกรม
  กลับหน้าหลัก

Brief Record : Get Marc (ISO 2709) : E-mail record : QR code < ปิดหน้าต่าง
LEADER : 00000nam 2200000uu 4500
001    13399124422
003     ULIB
008    020711s2550 th a 000 0 tha d
020    9789747503166
099    นว.^bน540อ
100    ninaM&ญาณิน
245    อีกมุมมองของความรู้สึก/^cninaM&ญาณิน
250    พิมพ์ครั้งที่ 2
260    กรุงเทพฯ :^bแจ่มใส,^c2550
300    203 หน้า
710    แจ่มใส
945    ^p159^l0^i14057
รายการนี้ยังไม่มีแท็ก
คุณยังไม่ได้ล็อกอิน คุณสามารถมีกิจกรรมร่วมกับเว็บไซต์ได้ แต่ต้องล็อกอินก่อน ::
  ล็อกอิน

รายการสื่อสารสนเทศ

ลำดับที่ ประเภท เลขเรียก/บาร์โค้ด สถานที่ สถานะ
1. นวนิยาย
นวนิยาย
นว. น540อ ฉ.1 
  Barcode: 14057
ห้องสมุดวิทยาเขตนครสวรรค์
►นวนิยาย:l:Fiction
บนชั้น

BibComment


ยังไม่เคยถูกคอมเมนท์

คอมเมนท์ทรัพยากรรายการนี้
  คอมเมนท์: อีกมุมมองของความร..


 Copyright 2026. Bcnsprnw @Library